Liedtext erkennen #8 - Statistiken

Allgemein
  • Dieses Quiz wurde 318 mal gespielt
  • Das Durchschnittsergebnis liegt bei 137 aus 352
Antwortstatistiken
Antwort % Korrekt
I
99%
i
99%
a
95%
you
93%
the
83%
The
83%
we
77%
love
71%
to
71%
be
70%
me
70%
when
68%
When
68%
it
65%
and
64%
go
64%
on
61%
do
60%
where
56%
your
56%
hear
55%
in
55%
my
55%
have
53%
so
51%
will
51%
wo
48%
that
47%
what
47%
ho
46%
of
42%
see
42%
See
42%
whhen
42%
for
41%
not
39%
know
38%
say
36%
this
35%
by
34%
time
34%
get
33%
like
32%
were
32%
All
30%
all
30%
just
30%
Just
30%
life
30%
But
29%
cant
29%
let
29%
as
27%
Im
27%
at
26%
its
26%
now
26%
now..
26%
Come
25%
come
25%
oh
24%
(oh)
24%
oh...
24%
2006 Jahr
23%
up
23%
world
23%
got
21%
need
21%
down
19%
out
19%
sing
19%
look
18%
Look
18%
more
18%
Tell
18%
sky
17%
than
17%
from
16%
back
15%
Went
15%
Hey
14%
hey
14%
bring
13%
sea
13%
things
13%
myself
12%
snow
12%
Snow (Hey Oh) Lied
12%
yeah
12%
friend
11%
gonna
11%
leave
11%
really
11%
said
11%
believe
10%
listen
10%
Listen
10%
alone
9%
little
9%
mey
9%
well
9%
high
8%
road
8%
white
8%
ah
7%
Before
7%
inside
7%
play
7%
ride
7%
sit
7%
less
6%
once
6%
Redhotchilipeppers Interpret
6%
top
6%
tried
6%
wonder
6%
another
5%
better
5%
Deep
5%
lay
5%
theres
5%
through
5%
chance
4%
decide
4%
killin
4%
perfect
4%
rely
4%
Step
4%
step
4%
broken
3%
field
3%
runnin
3%
sacrifice
3%
beneath
2%
between
2%
cover
2%
nowhere
2%
ring
2%
amend
1%
channels
1%
concealed
1%
divided
1%
kown
1%
pay
1%
privately
1%
tracks
1%
undecided
1%
believethat
0%
decend
0%
Keine übereinstimmenden Quizze gefunden
Verteilung der Resultate
Anzahl Personen mit jedem Resultat
Perzentil nach korrekt beantworteten Fragen
Ihre Resultats-Entwicklung
Sie haben dieses Quiz noch nicht gespielt